| 000 | 00947nam0a22002411 4500 | ||
|---|---|---|---|
| 001 | rc\22236 | ||
| 005 | 20021204102218.4 | ||
| 035 | _a(NLR Aleph) 005309315 | ||
| 090 |
_a6369712 _c6369712 |
||
| 100 | _a20021204d1992 u |0rusy50 ca | ||
| 101 | 0 | _arus | |
| 102 | _aRU | ||
| 105 | _aa ||||||||| | ||
| 200 | 1 |
_aМузей истории ПГИ _e(Путеводитель) _fКом. по высш. шк. М-ва науки, высш. шк. и техн. политики Рос. Федерации, С.-Петерб. горн. ин-т, Горн. музей _g[К. ист. н. Гладкий С.П.] |
|
| 210 |
_aСПб. _cБ. и. _d1992 |
||
| 215 |
_a38 с. _cил. _d19 |
||
| 701 | 1 |
_aГладкий _bС. П. _gСергей Павлович |
|
| 710 | 0 | 2 | _aМузей истории Петербургского горного ин-та |
| 801 | 0 |
_aRU _bNLR _gpsbo |
|
| 801 | 1 |
_aRU _bELAR _2rusmarc |
|
| 852 |
_aNLR _j93-4/7866 |
||
| 942 | _cBOOK | ||
| 980 | _aNB | ||